تهافت الفلاسفة / (رقم التسجيلة. 137178)

تفاصيل مارك
000 -الفاتح
عناصر البيانات ثابتة الطول 00673cam a2200193 i 4500
005 - تاريخ ووقت آخر معاملة
حقل ضبط 20251112122913.0
008 - عناصر البيانات ثابتة الطول
عناصر البيانات ثابتة الطول 250721s2017 ua gr 000 0 ara d
020 ## - الترقيم الدولي المعياري للكتب (ردمك)
الترقيم الدولي المعياري للكتب (ردمك) 9789777570572
082 14 - رقم تصنيف ديوي العشري
رقم التصنيف 189.33
رقم المادة غ ز ا
100 1# - مدخل رئيسي – اسم شخصي
الاسم الشخصي الغزالي، أبو حامد.
علاقة الشخص بالعمل/ دوره مؤلف.
245 10 - بيان العنوان
العنوان تهافت الفلاسفة /
بيان المسؤولية الإمام أبو حامد الغزالي.
250 ## - بيان الطبعة
بيان الطبعة الطبعة الأولى.
264 31 - بيانات النشر، التوزيع…إلخ
مكان النشر، التوزيع...إلخ القاهرة :
اسم الناشر، الموزع...إلخ العالمية للكتب والنشر،
تاريخ النشر، التوزيع...إلخ 2017.
300 ## - الوصف المادي
عدد الوحدات المكونة للوعاء 239 صفحة.
650 17 - مدخل إضافي بالموضوع - مصطلح موضوعي
مصطلح موضوعي أو اسم جغرافي كعنصر مدخل الفلسفة الاسلامية.
650 17 - مدخل إضافي بالموضوع - مصطلح موضوعي
مصطلح موضوعي أو اسم جغرافي كعنصر مدخل فلسفة الغزالي.
942 ## - بيانات إضافية (كوها)
نوع التنصيف Dewey Decimal Classification
نوع المادة (كوها) كتب
المقتنيات
حالة السحب حالة الفقدان مصدر التصنيف حالة التلف غير قابل للإعارة المكتبة الرئيسية المكتبة الحالية موقع الرف تاريخ التزويد الرقم المتسلسل Total Checkouts رقم الإستدعاء الباركود تاريخ آخر ظهور تاريخ الفاتورة نوع المادة (كوها)
    Dewey Decimal Classification     المكتبة المركزية المكتبة المركزية الإعارة 28/07/2025 1680995   189.33 / غ ز ا PLD00419798 28/07/2025 28/07/2025 كتب
    Dewey Decimal Classification     مكتبة أم قصير والمقابلين العامة مكتبة أم قصير والمقابلين العامة الإعارة 31/07/2018 1680998   189.33/غزا PLD00425818 28/07/2025 31/07/2018 كتب
    Dewey Decimal Classification     مكتبة الاميرة بديعة مكتبة الاميرة بديعة الإعارة 31/07/2018 1680996   189.33/غزا PLD00425816 28/07/2025 31/07/2018 كتب
    Dewey Decimal Classification     مكتبة بيت السينما مكتبة بيت السينما الإعارة 27/09/2018 1689195   189.33/غزا PLD00434537 28/07/2025 27/09/2018 كتب
    Dewey Decimal Classification     مكتبة صويلح العامة مكتبة صويلح العامة الإعارة 31/07/2018 1680999   189.33/غزا PLD00425819 28/07/2025 31/07/2018 كتب
Implemented & Customized by: BBB with SCIT (Smart Chains for Information Technology)

Powered by Koha